| 000 | 00356nam a22001457a 4500 | ||
|---|---|---|---|
| 003 | SGT | ||
| 020 | _a9780857254733 | ||
| 082 |
_a158.3 _bU11C |
||
| 100 | _aCHARLESON, S BAGER | ||
| 245 | _aUNDERSTANDING ASSESSMENT IN COUNSELLING ANY PSYCHOTHERAPY | ||
| 260 |
_aUK _bLEARNING MATTERS _c2011 |
||
| 300 | _a138 | ||
| 650 | _aPSYCHOLOGY | ||
| 942 |
_2ddc _cBK |
||
| 999 |
_c13841 _d13841 |
||